01121nas a2200277Ia 4500001002700000003001000027008004100037040002500078041001300103100005100116210001800167222001800185245005000203250001100253260000900264501012300273300001600396362002400412500011800436650003400554700001100588942000700599957000600606999003200612952019900644A50/R024-4681 [r000001814]IT-MiCISF161014c99999999xx |||||||||||| ||und|| aIT-MiCISFcIT-MiCISF aITALIANO aGruppo parlamentare della Democrazia Cristiana aFamiglia oggi aFamiglia oggi 0aPer una azione locale a tutela della famiglia a1a ed. c1990 bCISF - Centro Internazionale Studi Famiglia - Via Giotto, 36 20145 MILANO (non commercial uses only)cCopyright 2016 app. 107-112 a45, mag-giu. [1990] a Tema: maternità€, infanzia, servizi-sociali, legge, previdenze-per-famiglia, progetto, procreazione, territorio apolitica familiarevdocumento aAA.VV. cCR 71 a4681bSig1c222941d222941 0010406A_50_000000000000000_R0244681_R00000181471aCISFbCISFd2016-10-14l0oA50/R024-4681 [r000001814]r2016-10-14 00:00:00w2016-10-14yCRzData import 15.10.2016 / by Epidotti, Vaglietti